[Event "Bayerische EM 2021 - Männer"]
[Site "Schney"]
[Date "2021.08.25"]
[Round "5.6"]
[White "Lohr, Maximilian"]
[Black "Ammon, Tobias"]
[Result "1/2-1/2"]
[WhiteElo "2011"]
[BlackElo "2168"]
[PlyCount "40"]
[EventDate "2021.??.??"]
[WhiteTeam "FC Ergolding"]
[BlackTeam "SV Altensittenbach"]

1. e4 c5 2. Nf3 e6 3. d4 cxd4 4. Nxd4 Nc6 5. Nc3 Qc7 6. Be3 a6 7. Be2 Nf6 8.
O-O Bb4 9. Nxc6 bxc6 10. Na4 d5 11. exd5 cxd5 12. Nb6 Rb8 13. Nxc8 Qxc8 14. Bf4
Rb6 15. Be5 Bd6 16. Qd4 Qc7 17. Bxd6 Rxd6 18. c4 dxc4 19. Qxc4 Qxc4 20. Bxc4
Ke7 1/2-1/2

[Event "Bayerische EM 2021 - Männer"]
[Site "Schney"]
[Date "2021.08.25"]
[Round "5.7"]
[White "Böhme, Markus"]
[Black "Großhans, Ralf-Michael"]
[Result "0-1"]
[WhiteElo "2114"]
[BlackElo "2046"]
[PlyCount "71"]
[EventDate "2021.??.??"]
[WhiteTeam "SC Uttenreuth"]
[BlackTeam "SG Kuppenheim"]

1. e4 Nf6 2. e5 Nd5 3. d4 d6 4. Nf3 Bg4 5. Be2 c6 6. c4 Nb6 7. Ng5 Bxe2 8. Qxe2
dxe5 9. dxe5 e6 10. O-O Qc7 11. Bf4 N8d7 12. Rd1 Be7 13. Ne4 O-O 14. Nd6 Rad8
15. Nc3 a5 16. b3 Nc5 17. Qe3 Nbd7 18. Rab1 b6 19. a3 f6 20. exf6 Bxf6 21. Ne8
Qc8 22. Nxf6+ Nxf6 23. b4 axb4 24. axb4 e5 25. Bxe5 Ng4 26. Rxd8 Qxd8 27. Qg3
Nxe5 28. Qxe5 Nd3 29. Qe6+ Kh8 30. Qe3 Nf4 31. Rd1 Qg5 32. Qg3 Qe5 33. Kh1 Re8
34. h3 Qf5 35. Qf3 Rf8 36. Ne2 0-1

[Event "Bayerische EM 2021 - Männer"]
[Site "Schney"]
[Date "2021.08.25"]
[Round "5.8"]
[White "Wunder, Stefan"]
[Black "Schmid, Roland"]
[Result "0-1"]
[WhiteElo "2024"]
[BlackElo "2325"]
[PlyCount "46"]
[EventDate "2021.??.??"]
[WhiteTeam "FC Nordhalben"]
[BlackTeam "Post Regensburg"]

1. Nf3 d5 2. g3 Nf6 3. Bg2 c6 4. d3 Bg4 5. Nbd2 Nbd7 6. h3 Bh5 7. g4 Bg6 8. c4
e6 9. Nh4 Bd6 10. Nxg6 hxg6 11. Qc2 Qb6 12. Nf3 e5 13. Ng5 Rd8 14. Bd2 Bb4 15.
b3 O-O 16. O-O Bxd2 17. Qxd2 Rfe8 18. cxd5 Nxd5 19. e3 Nc5 20. d4 exd4 21. Qxd4
f6 22. Rfc1 Nxe3 23. Qxc5 Rd1+ 0-1

[Event "Bayerische EM 2021 - Männer"]
[Site "Schney"]
[Date "2021.08.25"]
[Round "5.9"]
[White "Reis, Gerhard"]
[Black "Reimann, Matthias"]
[Result "1-0"]
[WhiteElo "2223"]
[BlackElo "2017"]
[PlyCount "93"]
[EventDate "2021.??.??"]
[WhiteTeam "SW Nürnberg Süd"]
[BlackTeam "SK Kriegshaber"]

1. d4 c5 2. e3 Nf6 3. Nf3 g6 4. Be2 Bg7 5. O-O O-O 6. Nbd2 d6 7. b3 Nbd7 8. Bb2
b6 9. c4 Bb7 10. Qc2 Qc7 11. Rad1 Rad8 12. d5 b5 13. e4 b4 14. Ne1 e5 15. g3
Ne8 16. Bg4 Ndf6 17. Be2 Nd7 18. Ng2 Bc8 19. f4 exf4 20. gxf4 a5 21. Nf3 Bxb2
22. Qxb2 f6 23. Rde1 Ng7 24. Bd3 Rde8 25. Re2 Nb6 26. Ne3 Nh5 27. Nh4 Qg7 28.
Neg2 Bg4 29. Ree1 a4 30. Kh1 Qh6 31. Qf2 Kh8 32. Rg1 g5 33. fxg5 fxg5 34. Nf5
Bxf5 35. exf5 Qf6 36. Re6 Rxe6 37. dxe6 Ng7 38. Qe2 axb3 39. axb3 Nc8 40. Ne3
Ne7 41. Ng4 Qd4 42. f6 Rxf6 43. Nxf6 Qxf6 44. Rf1 Qxe6 45. Rf8+ Ng8 46. Qxe6
Nxe6 47. Rf7 1-0

[Event "Bayerische EM 2021 - Männer"]
[Site "Schney"]
[Date "2021.08.25"]
[Round "5.10"]
[White "Salvermoser, Bernd"]
[Black "Kocak, Ediz"]
[Result "0-1"]
[WhiteElo "2178"]
[BlackElo "1996"]
[PlyCount "76"]
[EventDate "2021.??.??"]
[WhiteTeam "SK Penzberg"]
[BlackTeam "SGem 1882 Fürth"]

1. d4 Nf6 2. c4 e6 3. Nc3 Bb4 4. Qc2 O-O 5. g3 d5 6. a3 Bxc3+ 7. Qxc3 Ne4 8.
Qc2 c5 9. f3 Nf6 10. dxc5 d4 11. e4 a5 12. Bf4 Ne8 13. Bxb8 Rxb8 14. b4 e5 15.
Bd3 Qe7 16. Kf2 axb4 17. axb4 b6 18. cxb6 Rxb6 19. b5 f5 20. exf5 Rbf6 21. g4
g6 22. c5 gxf5 23. g5 Rg6 24. h4 Kh8 25. c6 e4 26. Bf1 Qe5 27. Qb2 Rd6 28. Ra8
Nc7 29. Rb8 Nd5 30. Ne2 Ne3 31. f4 Qc5 32. Bh3 Nc4 33. Qa1 Kg8 34. Ng3 d3+ 35.
Kg2 Ne3+ 36. Kh2 Ng4+ 37. Bxg4 Qf2+ 38. Kh3 fxg4# 0-1

[Event "Bayerische EM 2021 - Männer"]
[Site "Schney"]
[Date "2021.08.25"]
[Round "5.11"]
[White "Brunner, Tobias"]
[Black "Löw, Gerald"]
[Result "0-1"]
[WhiteElo "1998"]
[BlackElo "2166"]
[PlyCount "74"]
[EventDate "2021.??.??"]
[WhiteTeam "SC Windischeschenbach"]
[BlackTeam "TSV Bindlach"]

1. e4 d6 2. d4 Nf6 3. Nc3 e5 4. Nge2 Be7 5. g3 O-O 6. Bg2 c6 7. O-O b5 8. a3
Nbd7 9. h3 Bb7 10. Be3 a5 11. Qd2 Qc7 12. g4 b4 13. Nd1 d5 14. exd5 Nxd5 15. c4
bxc3 16. Ndxc3 Nxe3 17. Qxe3 Rfe8 18. Rfd1 exd4 19. Qxd4 Nc5 20. Qf4 Qb6 21.
Rab1 Bf6 22. Ng3 Be5 23. Qf3 a4 24. Nf5 Qc7 25. Na2 Ne6 26. Rd2 g6 27. h4 gxf5
28. Qxf5 Ng7 29. Qd7 Re7 30. Qxc7 Rxc7 31. Rbd1 Ne6 32. Nb4 Rb8 33. Nd3 Bd4 34.
Kh2 c5 35. f4 Bxg2 36. Kxg2 Rb3 37. f5 Rxd3 0-1

[Event "Bayerische EM 2021 - Männer"]
[Site "Schney"]
[Date "2021.08.25"]
[Round "5.12"]
[White "Steinhauer, Artur"]
[Black "Delitzsch, Jürgen"]
[Result "0-1"]
[WhiteElo "1580"]
[BlackElo "2110"]
[PlyCount "120"]
[EventDate "2021.??.??"]
[WhiteTeam "SC Bavaria Regensburg"]
[BlackTeam "TSV Bindlach"]

1. e4 c5 2. Nf3 Nc6 3. d4 cxd4 4. Nxd4 g6 5. Nc3 Bg7 6. Be3 Nf6 7. f3 O-O 8.
Qd2 d5 9. exd5 Nxd5 10. Nxd5 Qxd5 11. Nxc6 Qxc6 12. c3 Bf5 13. Be2 Rfd8 14. Qc1
Bd3 15. Bxd3 Rxd3 16. O-O Rad8 17. Re1 e5 18. Qc2 Qd6 19. Re2 Qa6 20. a3 Bf8
21. Kh1 f6 22. Rae1 Kg7 23. Qc1 Kh8 24. h3 Qa4 25. Rd2 Rxd2 26. Bxd2 Bd6 27.
Be3 Bc7 28. Bg1 Qd7 29. c4 a6 30. b4 Qd3 31. c5 Qd5 32. Qc2 Kg7 33. Rc1 Qd3 34.
Qxd3 Rxd3 35. c6 b5 36. Bc5 Kf7 37. a4 bxa4 38. Ra1 a3 39. b5 axb5 40. Bxa3 Rc3
41. Bb4 Rxc6 42. Ra7 Rc1+ 43. Kh2 Ke6 44. Kg3 e4+ 45. f4 g5 46. Bd2 gxf4+ 47.
Bxf4 Rc3+ 48. Kg4 h5+ 49. Kxh5 Bxf4 50. Rb7 Rb3 51. Kg4 Bd6 52. h4 f5+ 53. Kh5
e3 54. Ra7 e2 55. Ra1 Bg3 56. Kg6 Bxh4 57. Ra6+ Ke5 58. Ra8 e1=Q 59. Re8+ Kf4
60. Rxe1 Bxe1 0-1

[Event "Bayerische EM 2021 - Männer"]
[Site "Schney"]
[Date "2021.08.25"]
[Round "5.13"]
[White "Bunk, Wolfgang"]
[Black "Sesselmann, Christoph"]
[Result "1-0"]
[WhiteElo "2025"]
[BlackElo "1887"]
[PlyCount "59"]
[EventDate "2021.??.??"]
[WhiteTeam "SC Bavaria Regensburg"]
[BlackTeam "SK Kulmbach"]

1. d4 Nf6 2. c4 g6 3. Nc3 Bg7 4. e4 d6 5. Nf3 O-O 6. Be2 e5 7. Be3 Ng4 8. Bg5
f6 9. Bc1 f5 10. exf5 gxf5 11. dxe5 dxe5 12. Qxd8 Rxd8 13. h3 e4 14. hxg4 exf3
15. Bxf3 Bxc3+ 16. bxc3 fxg4 17. Bd5+ Kg7 18. Bh6+ Kg6 19. Be4+ Kf7 20. Be3 Na6
21. Rxh7+ Kg8 22. Rh5 c6 23. f3 Re8 24. Kf2 Be6 25. Rah1 Bxc4 26. Rh8+ Kf7 27.
R8h7+ Kg8 28. Bd4 Kf8 29. Rg7 Bf7 30. Bg6 1-0

[Event "Bayerische EM 2021 - Männer"]
[Site "Schney"]
[Date "2021.08.25"]
[Round "5.14"]
[White "Link, Klaus"]
[Black "Schmid, Franz"]
[Result "0-1"]
[WhiteElo "1982"]
[BlackElo "2197"]
[PlyCount "94"]
[EventDate "2021.??.??"]
[WhiteTeam "SK Klingenberg"]
[BlackTeam "SK Passau"]

1. e4 e5 2. Nf3 Nf6 3. Nxe5 d6 4. Nf3 Nxe4 5. Nc3 Nxc3 6. dxc3 Be7 7. Be3 O-O
8. Qd2 Nc6 9. O-O-O Bg4 10. Be2 a5 11. Nd4 Bxe2 12. Nxc6 bxc6 13. Qxe2 a4 14.
g4 a3 15. b3 Re8 16. Qf3 d5 17. h4 Bd6 18. g5 Qe7 19. h5 Qe4 20. Qh3 Bf4 21. g6
Bxe3+ 22. fxe3 Qxe3+ 23. Qxe3 Rxe3 24. gxh7+ Kxh7 25. Rdf1 Rf8 26. Rf4 Re4 27.
Rf5 f6 28. h6 g6 29. Rf3 f5 30. c4 d4 31. b4 Re3 32. Rf4 Rd8 33. Kd2 Rg3 34. b5
cxb5 35. cxb5 Rd5 36. Rhh4 d3 37. Rd4 Rxd4 38. Rxd4 dxc2 39. Rd7+ Kxh6 40. Rxc7
Rg2+ 41. Kc1 Rg1+ 42. Kxc2 Rg2+ 43. Kb1 Rb2+ 44. Ka1 Rxb5 45. Rh7+ Kg5 46. Rh5+
Kf6 47. Rxf5+ Rxf5 0-1

[Event "Bayerische EM 2021 - Männer"]
[Site "Schney"]
[Date "2021.08.25"]
[Round "5.15"]
[White "Höller, Armin"]
[Black "Fuchs, Florian"]
[Result "1-0"]
[WhiteElo "1994"]
[BlackElo "1766"]
[PlyCount "93"]
[EventDate "2021.??.??"]
[WhiteTeam "SK Weilheim"]
[BlackTeam "DJK SF Haselbach"]

1. c4 c5 2. g3 Nc6 3. Bg2 e5 4. Nc3 Nf6 5. d3 h6 6. e3 d6 7. Nge2 Be6 8. a3 g6
9. Nd5 Bxd5 10. cxd5 Ne7 11. O-O Nfxd5 12. Qb3 Nb6 13. f4 d5 14. fxe5 Nc6 15.
Nf4 c4 16. dxc4 dxc4 17. Qb5 Qd7 18. e6 fxe6 19. Bh3 Nd8 20. Qa5 g5 21. Ng6 Rg8
22. Nxf8 Rxf8 23. Rxf8+ Kxf8 24. b3 Qd1+ 25. Bf1 Qxb3 26. Bd2 Nc6 27. Qc5+ Kf7
28. Bg2 Qd3 29. Rf1+ Kg6 30. Bxc6 bxc6 31. Qe7 Qd7 32. Qf6+ Kh7 33. Qe5 Nd5 34.
e4 Nb6 35. Bc3 Na4 36. Ba1 Rd8 37. Qf6 c3 38. Kg2 Qd4 39. Qf7+ Qg7 40. Qxe6 Rd7
41. Qf5+ Kh8 42. e5 c5 43. e6 Rd2+ 44. Kg1 Qd4+ 45. Kh1 Qd5+ 46. Qxd5 Rxd5 47.
e7 1-0

[Event "Bayerische EM 2021 - Männer"]
[Site "Schney"]
[Date "2021.08.25"]
[Round "5.16"]
[White "Heimerl, Detlev"]
[Black "Kanewski, Josef"]
[Result "0-1"]
[WhiteElo "1940"]
[BlackElo "2084"]
[PlyCount "117"]
[EventDate "2021.??.??"]
[WhiteTeam "SF Kirchenlamitz"]
[BlackTeam "SK Weiden"]

1. d4 f5 2. Bg5 Nf6 3. Bxf6 exf6 4. Nf3 d5 5. e3 c6 6. Bd3 Bd6 7. c3 Be6 8.
Nbd2 Nd7 9. Qc2 g6 10. c4 dxc4 11. Bxc4 Qe7 12. Bxe6 Qxe6 13. Qb3 Qxb3 14. Nxb3
O-O-O 15. O-O-O Nb6 16. Rhe1 Rhe8 17. h3 Re7 18. Nfd2 Rde8 19. a3 Nd5 20. Rf1
h5 21. Kb1 h4 22. Nc5 b6 23. Nd3 g5 24. Rc1 Kb7 25. Rc2 Re6 26. Rfc1 Bb8 27.
Rc4 g4 28. hxg4 fxg4 29. e4 Ne7 30. Rf1 a5 31. f4 gxf3 32. Rxf3 Rg8 33. Rf2 Bg3
34. Re2 Ka7 35. Nf3 Rg4 36. e5 Kb7 37. Rcc2 fxe5 38. dxe5 Nf5 39. Rc1 Nd4 40.
Rc4 c5 41. Nxd4 cxd4 42. a4 Re7 43. b4 Rc7 44. Rxc7+ Kxc7 45. bxa5 bxa5 46. Kb2
Kc6 47. e6 Rg8 48. e7 Re8 49. Kc1 Kd5 50. Kc2 Bd6 51. Ne1 Rxe7 52. Rxe7 Bxe7
53. Kd3 Bf6 54. Nf3 Kc5 55. Nd2 Kb4 56. Ne4 Bg7 57. Nd6 Kxa4 58. Kc4 Ka3 59.
Nb5+ 0-1

[Event "Bayerische EM 2021 - Männer"]
[Site "Schney"]
[Date "2021.08.25"]
[Round "5.17"]
[White "Stöckl, Stephan"]
[Black "Gebhardt, Christian"]
[Result "1-0"]
[WhiteElo "2061"]
[BlackElo "1884"]
[PlyCount "105"]
[EventDate "2021.??.??"]
[WhiteTeam "SK Schwandorf"]
[BlackTeam "SV Seubelsdorf"]

1. Nf3 c5 2. c4 g6 3. g3 Bg7 4. Bg2 Nc6 5. O-O e5 6. Nc3 Nge7 7. Ne1 d6 8. Nc2
Be6 9. Ne3 Qd7 10. Ned5 Bh3 11. Bxh3 Qxh3 12. Nc7+ Kd7 13. Nxa8 h5 14. e3 f5
15. f4 Rxa8 16. Qe2 e4 17. Nd1 Qg4 18. Qxg4 hxg4 19. Rb1 d5 20. cxd5 Nxd5 21.
b3 Ncb4 22. a3 Nc2 23. Nf2 b5 24. Bb2 Bxb2 25. Rxb2 Nxa3 26. Rc1 Rc8 27. d3
exd3 28. Nxd3 c4 29. Ne5+ Ke6 30. bxc4 bxc4 31. Ra2 Nb5 32. Rxc4 Rb8 33. Ra6+
Nd6 34. Rcc6 Rb6 35. Nc4 Rxa6 36. Rxa6 Nb6 37. Nxd6 Kxd6 38. Rxa7 Nd5 39. Kf2
Ke6 40. Ra6+ Kf7 41. Ke2 Kg7 42. Rd6 Nf6 43. Kd3 Ne4 44. Rc6 Nf6 45. Kd4 Ne4
46. Ke5 Nd2 47. Rc7+ Kh6 48. Rc2 Ne4 49. Ke6 Kh7 50. Rc7+ Kh6 51. Kf7 Nd2 52.
Kg8 Nf3 53. Rh7# 1-0

[Event "Bayerische EM 2021 - Männer"]
[Site "Schney"]
[Date "2021.08.25"]
[Round "5.18"]
[White "Bratu, Mircea"]
[Black "Birkholz, Olga"]
[Result "0-1"]
[WhiteElo "1715"]
[BlackElo "2018"]
[PlyCount "76"]
[EventDate "2021.??.??"]
[WhiteTeam "SG Schwabing München"]
[BlackTeam "TSV Bindlach"]

1. c4 c5 2. Nf3 Nc6 3. g3 g6 4. d4 cxd4 5. Nxd4 Bg7 6. Nb3 Nf6 7. Bg2 O-O 8.
Nc3 d6 9. O-O Na5 10. Nxa5 Qxa5 11. Rb1 Qh5 12. Nd5 Nxd5 13. cxd5 Bg4 14. f3
Bh3 15. e4 f5 16. Bxh3 Qxh3 17. Be3 b6 18. Qe2 Rac8 19. Rbe1 fxe4 20. fxe4
Rxf1+ 21. Rxf1 Qd7 22. Qd2 Qa4 23. b4 Rc2 24. Qd1 Rxa2 25. Qf3 Bf6 26. g4 Ra1
27. g5 Rxf1+ 28. Qxf1 Be5 29. Qb1 Qd7 30. Qd1 Qh3 31. Qe2 Bxh2+ 32. Qxh2 Qxe3+
33. Qf2 Qxg5+ 34. Kh1 Qh5+ 35. Kg1 Qg4+ 36. Kf1 Qxe4 37. Qg3 Qxd5 38. Qh3 Qf5+
0-1

[Event "Bayerische EM 2021 - Männer"]
[Site "Schney"]
[Date "2021.08.25"]
[Round "6.1"]
[White "Reimann, Sebastian"]
[Black "Wisnet, Dominic"]
[Result "1/2-1/2"]
[WhiteElo "2213"]
[BlackElo "2304"]
[PlyCount "20"]
[EventDate "2021.??.??"]
[WhiteTeam "SK Kriegshaber"]
[BlackTeam "SK Passau"]

1. e4 c5 2. Nf3 d6 3. d4 cxd4 4. Nxd4 Nf6 5. Nc3 a6 6. Bg5 e6 7. f4 Nbd7 8. Qe2
h6 9. Bh4 Be7 10. O-O-O Qc7 1/2-1/2

[Event "Bayerische EM 2021 - Männer"]
[Site "Schney"]
[Date "2021.08.25"]
[Round "6.2"]
[White "Heimrath, Reiner"]
[Black "Schulz, Lukas"]
[Result "0-1"]
[WhiteElo "2170"]
[BlackElo "2274"]
[PlyCount "118"]
[EventDate "2021.??.??"]
[WhiteTeam "SC N-T Nürnberg"]
[BlackTeam "SC Erlangen"]

1. e4 c5 2. d3 g6 3. g3 d5 4. Nc3 dxe4 5. dxe4 Qxd1+ 6. Nxd1 b6 7. Bb5+ Bd7 8.
Bxd7+ Nxd7 9. Ne3 Bg7 10. Nf3 Ngf6 11. Nd2 h5 12. h3 O-O-O 13. a4 Nf8 14. h4
Ne6 15. f3 Bh6 16. Ndc4 Nd4 17. Kf2 Kc7 18. Ra3 a6 19. c3 Nc6 20. Ra1 b5 21.
axb5 axb5 22. Na3 Kb6 23. Rb1 Ne5 24. Ke2 Rd7 25. Rd1 Rxd1 26. Nxd1 Bxc1 27.
Rxc1 Rd8 28. Ne3 c4 29. Rb1 Kc5 30. Nac2 Ra8 31. Nb4 Nc6 32. Nxc6 Kxc6 33. Nc2
Kc5 34. Nb4 Nd7 35. Rd1 Nb6 36. Ke3 Ra7 37. g4 Ra8 38. gxh5 gxh5 39. Nd5 Rd8
40. Kf4 e6 41. Ne3 Rxd1 42. Nxd1 f6 43. Ne3 Kd6 44. e5+ fxe5+ 45. Kg5 Nd5 46.
Ng2 Ke7 47. Kxh5 Kf6 48. Kg4 Kg6 49. h5+ Kh6 50. Kh4 Ne7 51. Kg4 Nd5 52. Nh4
Ne3+ 53. Kg3 Kxh5 54. Kh3 Nd5 55. Kg3 Nf4 56. Ng2 Nxg2 57. Kxg2 Kg5 58. Kf2 Kf4
59. Ke2 e4 0-1

[Event "Bayerische EM 2021 - Männer"]
[Site "Schney"]
[Date "2021.08.25"]
[Round "6.3"]
[White "Großhans, Ralf-Michael"]
[Black "Miller, Eduard"]
[Result "0-1"]
[WhiteElo "2046"]
[BlackElo "2380"]
[PlyCount "68"]
[EventDate "2021.??.??"]
[WhiteTeam "SG Kuppenheim"]
[BlackTeam "SC Erlangen"]

1. e4 c5 2. Nc3 Nc6 3. f4 g6 4. Nf3 Bg7 5. Bb5 Nd4 6. a4 Nh6 7. O-O O-O 8. d3
e6 9. e5 d5 10. exd6 Qxd6 11. Ne4 Qc7 12. Bc4 b6 13. c3 Nxf3+ 14. Qxf3 Bb7 15.
Qh3 Nf5 16. g4 Nd6 17. Nxd6 Qxd6 18. f5 exf5 19. gxf5 Bc8 20. Bg5 Bxf5 21. Qh4
Rfe8 22. Rf3 Re2 23. Raf1 Rae8 24. Bf4 Qe7 25. Bg5 Qc7 26. Bf4 Be5 27. d4 Bxf4
28. Bxe2 Be3+ 29. Rxe3 Rxe3 30. Rxf5 Rxe2 31. Rd5 Rxb2 32. Rd8+ Kg7 33. d5 Qe5
34. d6 Qe3+ 0-1

[Event "Bayerische EM 2021 - Männer"]
[Site "Schney"]
[Date "2021.08.25"]
[Round "6.4"]
[White "Schmid, Roland"]
[Black "Lohr, Maximilian"]
[Result "1/2-1/2"]
[WhiteElo "2325"]
[BlackElo "2011"]
[PlyCount "60"]
[EventDate "2021.??.??"]
[WhiteTeam "Post Regensburg"]
[BlackTeam "FC Ergolding"]

1. Nf3 Nf6 2. c4 c5 3. Nc3 Nc6 4. d4 cxd4 5. Nxd4 e6 6. Ndb5 d5 7. Bf4 e5 8.
cxd5 exf4 9. dxc6 bxc6 10. Qxd8+ Kxd8 11. O-O-O+ Bd7 12. Nd6 Bxd6 13. Rxd6 Kc7
14. Rd4 Nh5 15. g3 fxg3 16. hxg3 Nf6 17. Bg2 Be6 18. Kb1 Rhd8 19. Rf4 Rab8 20.
Rc1 Rd2 21. Rc2 Rbd8 22. Ra4 Rxc2 23. Kxc2 Kb6 24. Rb4+ Kc7 25. Bf3 Nd5 26.
Bxd5 Bxd5 27. b3 Be6 28. Rf4 h5 29. Ne4 Rd5 30. Kc3 Rf5 1/2-1/2

[Event "Bayerische EM 2021 - Männer"]
[Site "Schney"]
[Date "2021.08.25"]
[Round "6.6"]
[White "Schatz, Christian"]
[Black "Delitzsch, Jürgen"]
[Result "1/2-1/2"]
[WhiteElo "2186"]
[BlackElo "2110"]
[PlyCount "27"]
[EventDate "2021.??.??"]
[WhiteTeam "SC Postbauer-Heng"]
[BlackTeam "TSV Bindlach"]

1. Nf3 g6 2. d4 Bg7 3. e4 c6 4. Nc3 d5 5. h3 Nf6 6. Bd3 dxe4 7. Nxe4 Nxe4 8.
Bxe4 Nd7 9. O-O O-O 10. Re1 Qc7 11. c3 c5 12. Bg5 Nf6 13. Bc2 Be6 14. dxc5
1/2-1/2

[Event "Bayerische EM 2021 - Männer"]
[Site "Schney"]
[Date "2021.08.25"]
[Round "6.7"]
[White "Ammon, Tobias"]
[Black "Bunk, Wolfgang"]
[Result "1-0"]
[WhiteElo "2168"]
[BlackElo "2025"]
[PlyCount "123"]
[EventDate "2021.??.??"]
[WhiteTeam "SV Altensittenbach"]
[BlackTeam "SC Bavaria Regensburg"]

1. e4 c5 2. Nf3 Nc6 3. Bb5 g6 4. Bxc6 dxc6 5. d3 Bg7 6. h3 Qc7 7. a4 a5 8. Nc3
e5 9. Be3 b6 10. O-O Ne7 11. Nh2 O-O 12. f4 Bh6 13. Qd2 exf4 14. Bxf4 Bxf4 15.
Rxf4 Kg7 16. Raf1 Ng8 17. Ne2 Be6 18. Qc3+ f6 19. Nf3 Rae8 20. Nd2 Bd7 21. R4f2
Be6 22. Nf4 Bf7 23. b3 Qe5 24. Qxe5 fxe5 25. Ne2 Ne7 26. Nf3 Ng8 27. Nd2 Ne7
28. Rf6 Rc8 29. Ng3 Ng8 30. R6f2 Rce8 31. Rf3 Rc8 32. Ne2 Rce8 33. Nc3 Ne7 34.
Rf6 Rc8 35. R6f2 Rce8 36. Nd1 Nc8 37. Rf6 Ne7 38. Ne3 b5 39. Ng4 bxa4 40. bxa4
Ng8 41. Rxc6 h5 42. Ne3 Rc8 43. Rxc8 Rxc8 44. Ndc4 Bxc4 45. Nxc4 Rb8 46. Nxa5
Ra8 47. Nc4 Rxa4 48. Nxe5 Ra2 49. Rf7+ Kh6 50. c4 g5 51. g3 Rd2 52. Rf2 Rd1+
53. Kg2 Kg7 54. Rf7+ Kh6 55. Rf5 Rd2+ 56. Kf3 Rd1 57. Ke2 Rg1 58. Rxg5 Ne7 59.
h4 Rg2+ 60. Ke3 Rg1 61. Nf3 Rd1 62. Rxc5 1-0

[Event "Bayerische EM 2021 - Männer"]
[Site "Schney"]
[Date "2021.08.25"]
[Round "6.8"]
[White "Löw, Gerald"]
[Black "Willim, Michael"]
[Result "1/2-1/2"]
[WhiteElo "2166"]
[BlackElo "2076"]
[PlyCount "23"]
[EventDate "2021.??.??"]
[WhiteTeam "TSV Bindlach"]
[BlackTeam "SC Erlangen"]

1. c4 c6 2. g3 d5 3. Bg2 Nf6 4. Nf3 dxc4 5. O-O Nbd7 6. Na3 Nb6 7. Qc2 Be6 8.
Ne5 h5 9. h4 g6 10. Naxc4 Nxc4 11. Nxc4 Bg7 12. d3 1/2-1/2

[Event "Bayerische EM 2021 - Männer"]
[Site "Schney"]
[Date "2021.08.25"]
[Round "6.9"]
[White "Kocak, Ediz"]
[Black "Homi, Joseph"]
[Result "1-0"]
[WhiteElo "1996"]
[BlackElo "2103"]
[PlyCount "53"]
[EventDate "2021.??.??"]
[WhiteTeam "SGem 1882 Fürth"]
[BlackTeam "SGem 1882 Fürth"]

1. Nf3 f5 2. d4 Nf6 3. g3 g6 4. Bg2 Bg7 5. O-O O-O 6. b3 Ne4 7. Bb2 c5 8. c4
Nc6 9. e3 e6 10. Nc3 d5 11. cxd5 exd5 12. Ne2 b5 13. a4 b4 14. Qc2 Ba6 15. dxc5
Nc3 16. Bxc3 bxc3 17. Ned4 Nxd4 18. Nxd4 Bxf1 19. Rxf1 Rc8 20. Qxc3 Rf7 21. b4
Rfc7 22. Qb3 Bxd4 23. Bxd5+ Kg7 24. exd4 Qf6 25. Be6 Rb8 26. Qc4 a6 27. b5 1-0

[Event "Bayerische EM 2021 - Männer"]
[Site "Schney"]
[Date "2021.08.25"]
[Round "6.11"]
[White "Kanewski, Josef"]
[Black "Böhme, Markus"]
[Result "1/2-1/2"]
[WhiteElo "2084"]
[BlackElo "2114"]
[PlyCount "68"]
[EventDate "2021.??.??"]
[WhiteTeam "SK Weiden"]
[BlackTeam "SC Uttenreuth"]

1. d4 Nf6 2. c4 c5 3. d5 b5 4. cxb5 a6 5. b6 e6 6. Nc3 Nxd5 7. Nxd5 exd5 8.
Qxd5 Nc6 9. e4 Be7 10. Nf3 Rb8 11. Bc4 O-O 12. Be3 Qxb6 13. Rb1 Nb4 14. Qd2 Qg6
15. O-O Qxe4 16. Bb3 Rb6 17. a3 Rg6 18. Ng5 Bxg5 19. Bxg5 h6 20. f3 Qd3 21.
axb4 Qxb3 22. Be7 Re8 23. Bxc5 d6 24. Bd4 Bh3 25. Rf2 Bf5 26. Re1 Rge6 27. Rd1
Bc2 28. Rdf1 Bd3 29. Rc1 Qc4 30. Bc3 d5 31. Rd1 Re3 32. Qc1 Qb5 33. Bd4 R3e6
34. Qc3 Be2 1/2-1/2

[Event "Bayerische EM 2021 - Männer"]
[Site "Schney"]
[Date "2021.08.25"]
[Round "6.13"]
[White "Steinhauer, Artur"]
[Black "Stöckl, Stephan"]
[Result "1-0"]
[WhiteElo "1580"]
[BlackElo "2061"]
[PlyCount "69"]
[EventDate "2021.??.??"]
[WhiteTeam "SC Bavaria Regensburg"]
[BlackTeam "SK Schwandorf"]

1. e4 c5 2. Nf3 e6 3. g3 Nc6 4. Bg2 g6 5. O-O Bg7 6. c3 Nge7 7. d4 cxd4 8. cxd4
d5 9. e5 O-O 10. Nc3 a6 11. Bf4 Bd7 12. Re1 Rc8 13. Qd2 Nf5 14. Bh3 Qb6 15.
Bxf5 gxf5 16. Rad1 f6 17. exf6 Bxf6 18. Ne5 Nxe5 19. Bxe5 Bxe5 20. Rxe5 Rf7 21.
Ne2 Rc6 22. Re3 Rg7 23. Nf4 Qc7 24. Rc3 Rc4 25. Rdc1 b5 26. b3 Rxc3 27. Rxc3
Qd6 28. Nd3 Rg4 29. Ne5 Rg7 30. Qc1 b4 31. Rc5 Kf8 32. Qh6 Kg8 33. Qf6 Qe7 34.
Qxe7 Rxe7 35. Rc7 1-0

[Event "Bayerische EM 2021 - Männer"]
[Site "Schney"]
[Date "2021.08.25"]
[Round "6.14"]
[White "Sesselmann, Christoph"]
[Black "Wunder, Stefan"]
[Result "1/2-1/2"]
[WhiteElo "1887"]
[BlackElo "2024"]
[PlyCount "67"]
[EventDate "2021.??.??"]
[WhiteTeam "SK Kulmbach"]
[BlackTeam "FC Nordhalben"]

1. e4 g6 2. d4 Bg7 3. Nc3 d6 4. f4 a6 5. Nf3 b5 6. Bd3 Bb7 7. O-O Nd7 8. e5 Nh6
9. Be3 e6 10. Be4 Bxe4 11. Nxe4 Ng4 12. Bd2 d5 13. Ng3 c5 14. h3 Nh6 15. dxc5
Nxc5 16. Be3 Qc7 17. c3 O-O 18. Bxc5 Qxc5+ 19. Qd4 Qc7 20. a4 Rfd8 21. axb5
axb5 22. Kh2 Bf8 23. Qd2 Qc4 24. Nd4 b4 25. Nge2 bxc3 26. bxc3 Qc7 27. g4 Kh8
28. Ng3 Rdc8 29. Rxa8 Rxa8 30. Re1 Qc4 31. Qe3 Rc8 32. Nge2 Re8 33. Rf1 Bg7 34.
Rf2 1/2-1/2

[Event "Bayerische EM 2021 - Männer"]
[Site "Schney"]
[Date "2021.08.25"]
[Round "6.15"]
[White "Reimann, Matthias"]
[Black "Brunner, Tobias"]
[Result "1-0"]
[WhiteElo "2017"]
[BlackElo "1998"]
[PlyCount "105"]
[EventDate "2021.??.??"]
[WhiteTeam "SK Kriegshaber"]
[BlackTeam "SC Windischeschenbach"]

1. Nf3 Nf6 2. d4 d5 3. Bg5 c6 4. Nbd2 Nbd7 5. e3 g6 6. Be2 Bg7 7. h3 Qa5 8. O-O
Ne4 9. Nb3 Qb6 10. Bf4 O-O 11. c4 e6 12. c5 Qd8 13. Nbd2 e5 14. Nxe5 Bxe5 15.
Bxe5 Nxe5 16. Nxe4 dxe4 17. dxe5 Qg5 18. Qd4 Bf5 19. Kh2 Rad8 20. Qc3 Rfe8 21.
Rad1 Rxd1 22. Rxd1 Qe7 23. b4 Be6 24. a4 Bd5 25. Bc4 Bxc4 26. Qxc4 Qxe5+ 27.
Kg1 h5 28. Rd6 Qa1+ 29. Kh2 Qe5+ 30. Kg1 Qa1+ 31. Kh2 Qe5+ 32. g3 Qf5 33. Qc2
a6 34. a5 h4 35. g4 Qe5+ 36. Kg2 Re6 37. Qd2 Qf6 38. Rxe6 Qf3+ 39. Kg1 fxe6 40.
Qd8+ Kg7 41. Qxh4 Qd1+ 42. Kg2 Qf3+ 43. Kg1 Qd1+ 44. Kg2 Qf3+ 45. Kh2 Qe2 46.
Qe7+ Kh8 47. Qf8+ Kh7 48. Kg3 Qb2 49. Qf7+ Kh8 50. Qxb7 Qe5+ 51. Kg2 Qf6 52.
Qb8+ Kh7 53. Qf4 1-0

[Event "Bayerische EM 2021 - Männer"]
[Site "Schney"]
[Date "2021.08.25"]
[Round "6.16"]
[White "Birkholz, Olga"]
[Black "Bruss, Robert"]
[Result "1-0"]
[WhiteElo "2018"]
[BlackElo "1800"]
[PlyCount "77"]
[EventDate "2021.??.??"]
[WhiteTeam "TSV Bindlach"]
[BlackTeam "SGem 1882 Fürth"]

1. e4 c5 2. Nf3 d6 3. c3 Nf6 4. Be2 Nc6 5. Qc2 Bg4 6. Na3 d5 7. d3 e5 8. h3 Bh5
9. Bg5 Bg6 10. O-O-O Be7 11. Nh4 h6 12. Nxg6 fxg6 13. exd5 Nxd5 14. Bxe7 Qxe7
15. Bf3 O-O-O 16. Kb1 Kb8 17. Rhe1 Qf6 18. Qb3 Nb6 19. Nc4 e4 20. Bxe4 Nxc4 21.
Qxc4 Rc8 22. Qxc5 Ka8 23. f3 Rc7 24. Bxc6 Rxc6 25. Qe5 Qh4 26. Qxg7 Rhc8 27.
Re4 Qg5 28. Qd7 Kb8 29. Qg4 Qa5 30. Qf4+ Ka8 31. Ra4 Qb5 32. Rb4 Qd5 33. Qd4
Qg5 34. Qg4 Qd5 35. Qe4 Qg5 36. f4 Qf6 37. Re1 R8c7 38. Qe8+ Rc8 39. Qe7 1-0